Características demográficas, económicas y sociales de los inmigrantes centroamericanos por país de origen /

Gardado en:
Detalles Bibliográficos
Autor Principal: Farías Caro, Osvaldo
Outros autores: Garita Salas, Ana Teresa
Formato: Texto
Publicado: Georgetown: CIPRA. CIM
Etiquetas: Engadir etiqueta
Sen Etiquetas, Sexa o primeiro en etiquetar este rexistro!

MARC

LEADER 00000 a a2200000 04500
001 21041
003
040
090 |a 090800  
100 |a Farías Caro, Osvaldo  
245 |a Características demográficas, económicas y sociales de los inmigrantes centroamericanos por país de origen /  |c Osvaldo Farías Caro 
260 |a Georgetown:   |b CIPRA. CIM  
300 |a 67 p  
700 |a Garita Salas, Ana Teresa  
999 |c 1996  |d 1996